Rappers by Meme #4 - Statistics

General Stats
  • This quiz has been taken 206 times
  • The average score is 9 of 16
Answer Stats
Picture Answer % Correct
Tupac Shakur
95%
King Von
86%
Lil Wayne
86%
KSI
85%
Island Boys
81%
Playboi Carti
65%
Lil Durk
64%
Doechii
63%
Blueface
56%
Denzel Curry
44%
Soulja Boy
44%
Pusha T
31%
2 Chainz
21%
T.I.
20%
Big Sean
18%
Ja Rule
12%
No matching quizzes found
Score Distribution
Percent of People with Each Score
Percentile by Number Answered
Your Score History
You have not taken this quiz